| 000 | 00380nam a2200133Ia 4500 | ||
|---|---|---|---|
| 008 | 210430s9999 xx 000 0 und d | ||
| 020 | _a0-8493-1741-X | ||
| 082 | _a620.192 N271 N | ||
| 100 |
_aAmar K. Mohanty _954275 |
||
| 245 |
_aNatural Fibers Biopolymers, and Biocomposites _cAmar K. Mohanty |
||
| 260 |
_aLondon _bTaylor &Francis _c2005 |
||
| 300 | _a875p | ||
| 942 |
_cBK _2ddc |
||
| 999 |
_c564767 _d564767 |
||